|
|
|
|
| LEADER |
00979nam a2200253 a 4500 |
| 001 |
GR-MES3760 |
| 008 |
991111s1995 gr 000 0 gre d |
| 020 |
|
|
|a 960235593X
|
| 040 |
|
|
|a GrPaTEI
|b gre
|c GR-PaULI
|
| 245 |
0 |
0 |
|a Ελλάδα και Βαλκάνια :
|b Προτάσεις για μιά εθνική στρατηγική.
|
| 260 |
|
|
|a Αθήνα :
|b Γνώση,
|c 1995
|
| 300 |
|
|
|a 293σελ.
|
| 650 |
|
4 |
|a Βαλκάνια
|
| 650 |
|
4 |
|a Ελλάδα
|
| 650 |
|
4 |
|a ΕΞΩΤΕΡΙΚΗ ΠΟΛΙΤΙΚΗ
|
| 650 |
|
4 |
|a ΠΟΛΙΤΙΚΕΣ ΕΠΙΣΤΗΜΕΣ
|
| 650 |
|
4 |
|a ΠΟΛΙΤΙΚΗ
|
| 700 |
1 |
|
|a Αλειφαντής, Σ.
|
| 700 |
1 |
|
|a Αρσένης, Γ.
|
| 710 |
0 |
|
|a Γνώση
|
| 942 |
|
|
|2 ddc
|
| 952 |
|
|
|0 0
|1 0
|2 ddc
|4 0
|6 320_600000000000000_ΑΛΕ
|7 0
|9 268384
|a MSLG
|b MSLG
|c BSC
|d 2021-01-17
|e 24
|f 0
|g 0.00
|l 0
|o 320.6 ΑΛΕ
|p 2420000013145
|r 2021-01-17 00:00:00
|t 1
|w 2021-01-17
|y BK15
|x 19991111 0 1
|x GrPaTEI
|
| 971 |
|
|
|a .b25748051
|b 16-04-20
|c 13-09-16
|
| 999 |
|
|
|c 154632
|d 154632
|